000 00974cab a2200253 4500
001 WB2743-22
008 090401t1991 xxu||||| |||| 00| 0 eng d
035 _a(Sirsi) u34094
041 _aeng
245 _aDefinition of dwellinghouse
260 _c1991
350 _a0
490 _aChartered Surveyor Weekly
_v37(6) 7 November 1991, 102-103(1)
520 _aRe 1-4 White Row Cottages, Beverley Hc 23 May 1991. The Commons Commissioner was found to be wrong in allowing the inclusion of four dilapidated cottages in the registration of the village green under Common Land (Rectification of Register) Act 1989. Dwellinghouses did not cease to be dwellinghouses when they were uninhabited or neglected.
650 _aCOMMON LAND (RECTIFICATION OF REGISTER) ACT 1989
650 _aCOMMONS
650 _aDEFINITION
650 _aDWELLINGHOUSE
650 _aVACANT PROPERTY
650 _aVILLAGE GREENS
690 _aLAND
942 _n0
948 _c04/03/1997
999 _c22628
_d22628